| 000 | 00598nam a2200181Ia 4500 | ||
|---|---|---|---|
| 003 | GCL | ||
| 005 | 20240530103843.0 | ||
| 008 | 140319s9999 xx 000 0 ara d | ||
| 040 |
_aGCL / _cGCL |
||
| 082 | 0 | 4 |
_a810.9 _bم ن |
| 100 | 0 | _aمحمد غنيمى هلال | |
| 245 | 1 | 0 |
_aالنماذج الانسانية فى الدراسات الادبية المقارنة / _cمحمد غنيمى هلال |
| 300 | _a190 ص | ||
| 650 | 0 | 4 | _aالادب المقارن |
| 650 | 0 | 4 | _aالادب العربى المقارن |
| 650 | 0 | 4 | _aالادب الانجليزى المقارن |
| 942 |
_2ddc _cBK |
||
| 999 |
_c42992 _d42992 |
||